Cowboy spur maker : the story of Ed Blanchard /

Bibliographic Details
Main Author: Pattie, Jane, 1935-
Other Authors: Kelly, Tom, 1925-
Format: eBook
Language:English
Published: College Station : Texas A&M University Press, 2002.
Subjects:
Online Access:Connect to the full text of this electronic book

MARC

Tag First Indicator Second Indicator Subfields
LEADER 00000cam a22000004a 4500
001 in00003392200
006 m d
007 cr |||||||nn|n
008 011026s2002 txu o d eng d
005 20260608205647.2
010 |z  2001006542 
020 |a 9781603443906 
020 |a 1603443908 
020 |z 1585441740 (cloth : alk. paper) 
020 |z 9781603440509 
020 |z 160344050X 
035 |a (MdBmJHUP)muse9781603443906 
040 |a MdBmJHUP  |c MdBmJHUP  |d UtOrBLW 
043 |a n-us-nm 
050 0 0 |a TT220  |b .P39 2002 
082 0 0 |a 682/.092  |a B  |2 21 
100 1 |a Pattie, Jane,  |d 1935- 
245 1 0 |a Cowboy spur maker :  |b the story of Ed Blanchard /  |c Jane Pattie & Tom Kelly. 
264 1 |a College Station :  |b Texas A&M University Press,  |c 2002. 
300 |a 1 online resource (x, 146 pages :) :  |b illustrations 
336 |a text  |b txt  |2 rdacontent 
337 |a computer  |b c  |2 rdamedia 
338 |a online resource  |b cr  |2 rdacarrier 
504 |a Includes bibliographical references (pages [143]-144) and index. 
588 |a Description based on print version record. 
500 |a Electronic resource. 
600 1 0 |a Blanchard, Edward Fred,  |d 1894-1982. 
650 0 |a Spurs  |z New Mexico. 
650 0 |a Ranchers  |z New Mexico  |v Biography. 
650 0 |a Blacksmiths  |z New Mexico  |v Biography. 
655 7 |a Electronic books.  |2 local 
700 1 |a Kelly, Tom,  |d 1925- 
856 4 0 |u http://proxy.library.tamu.edu/login?url=https://muse.jhu.edu/books/9781603443906/  |z Connect to the full text of this electronic book  |t 0 
999 |a MARS 
999 f f |s 558e859c-8141-3c95-b94a-f3e6f463aea2  |i cc765bc4-32e0-3bd3-b16f-1682d614e4e4  |t 0 
952 f f |a Texas A&M University  |b College Station  |c Electronic Resources  |s www_evans  |d Available Online  |t 0  |e TT220 .P39 2002  |h Library of Congress classification 
998 f f |a TT220 .P39 2002  |t 0  |l Available Online